1988 1337 1856 1547 1364 1287 1525 1690 1399 1974 1064 1565 1104 1154 1270 1854 1836 1852 1704 1675 1538 1728 1168 1911 1871 1360 1784 1542 1669 1303 1081 1196 1347 1609 1445 1117 1246 1046 1263 1982 1842 1069 1267 1514 1307 1874 1974 1306 1117 1371 1198 1545 1334 1861 1550 1732 1184 1016 1413 1387 1347 1109 1331 1641 1330 1009 1501 1975 1147 1432 1677 1089 1965 1312 1636 1098 1960 1303 1623 1739 1957 1483 1303 1292 1293 1148 1888 1831 1343 1230 1842 1964 1536 1092 1211 1112 1579 1624 1054 BCNSPRNW ULIB Ver.6.0+V

เปลี่ยนเป็นภาษาไทย

Change to English
 แสดงรายละเอียดบรรณานุกรม
  กลับหน้าหลัก

Brief Record : Get Marc (ISO 2709) : E-mail record : QR code < ปิดหน้าต่าง
LEADER : 00000nam 2200000uu 4500
001    13399114626
003     ULIB
008    120424s2554||||th 000 0 tha d
060  4 WY160^bน541ก
100 0  นิกร จันภิลม
245 00 การพยาบาลผู้ป่วยได้รับบาดเจ็บที่ศีรษะ/^cนิกร จันภิลม
260    อตรดิตถ์:^bวิทยาลาลัยพยาบาลบรมราชชนี อุตรดิตถ์,^c2554
300    82 หน้า:^b ภาพประกอบ,^c 29 ซม.
504    ภาคผนวก, ดัชนี
650  0 ศีรษะบาดเจ็บ^xการพยาบาล
945    ^p0^l0^i031670
995    เกษร
999 ^a ใช้งานได้ทุกระบบ
รายการนี้ยังไม่มีแท็ก
คุณยังไม่ได้ล็อกอิน คุณสามารถมีกิจกรรมร่วมกับเว็บไซต์ได้ แต่ต้องล็อกอินก่อน ::
  ล็อกอิน

รายการสื่อสารสนเทศ

ลำดับที่ ประเภท เลขเรียก/บาร์โค้ด สถานที่ สถานะ
1. วิทยาศาสตร์การแพทย์ และสุขภาพ
หนังสือสำรอง
สถานะ=หนังสือสำรอง
WY160 น541ก ฉ.1 
  Barcode: 031670
ห้องสมุดวิทยาเขตสวรรค์ประชารักษ์
►ส่วนจัดเก็บหนังสือเก่า สปร
บนชั้น
  ขอยืม

BibComment


ยังไม่เคยถูกคอมเมนท์

คอมเมนท์ทรัพยากรรายการนี้
  คอมเมนท์: การพยาบาลผู้ป่วยไ..


 Copyright 2026. Bcnsprnw @Library